MyGZULibrary

Poverty and development in the 1990s / (Record no. 1405)

MARC details
000 -LEADER
fixed length control field 01445pam a2200349 a 4500
001 - CONTROL NUMBER
control field 2016658
003 - CONTROL NUMBER IDENTIFIER
control field GZU
005 - DATE AND TIME OF LATEST TRANSACTION
control field 20201014124952.0
008 - FIXED-LENGTH DATA ELEMENTS--GENERAL INFORMATION
fixed length control field 911121s1992 enkab b 001 0 eng
010 ## - LIBRARY OF CONGRESS CONTROL NUMBER
LC control number 91044689
020 ## - INTERNATIONAL STANDARD BOOK NUMBER
International Standard Book Number 0198773307
020 ## - INTERNATIONAL STANDARD BOOK NUMBER
International Standard Book Number 0198773315 (pbk.)
040 ## - CATALOGING SOURCE
Original cataloging agency DLC
Transcribing agency DLC
Modifying agency DLC
043 ## - GEOGRAPHIC AREA CODE
Geographic area code d------
050 00 - LIBRARY OF CONGRESS CALL NUMBER
Classification number HC59.72.P6
Item number POV 1992
245 00 - TITLE STATEMENT
Title Poverty and development in the 1990s /
Statement of responsibility, etc. edited by Tim Allen and Alan Thomas for an Open University course team.
260 ## - PUBLICATION, DISTRIBUTION, ETC.
Place of publication, distribution, etc. Oxford ;
-- New York :
Name of publisher, distributor, etc. Oxford University Press in association with the Open University,
Date of publication, distribution, etc. 1992.
300 ## - PHYSICAL DESCRIPTION
Extent 421 p. :
Other physical details ill. (some col.), col. maps ;
Dimensions 26 cm.
504 ## - BIBLIOGRAPHY, ETC. NOTE
Bibliography, etc. note Includes bibliographical references (p. 391-399) and index.
650 #0 - SUBJECT ADDED ENTRY--TOPICAL TERM
Topical term or geographic name entry element Poor
Geographic subdivision Developing countries.
650 #0 - SUBJECT ADDED ENTRY--TOPICAL TERM
Topical term or geographic name entry element Capitalism
Geographic subdivision Developing countries.
651 #0 - SUBJECT ADDED ENTRY--GEOGRAPHIC NAME
Geographic name Developing countries
General subdivision Dependency on foreign countries.
651 #0 - SUBJECT ADDED ENTRY--GEOGRAPHIC NAME
Geographic name Developing countries
General subdivision Economic policy.
651 #0 - SUBJECT ADDED ENTRY--GEOGRAPHIC NAME
Geographic name Developing countries
General subdivision Economic conditions.
700 1# - ADDED ENTRY--PERSONAL NAME
Personal name Allen, Tim,
Dates associated with a name 1956-
Relator term editor
700 1# - ADDED ENTRY--PERSONAL NAME
Personal name Thomas, Alan,
Dates associated with a name 1948-
Relator term editor
710 2# - ADDED ENTRY--CORPORATE NAME
Corporate name or jurisdiction name as entry element Open University.
856 42 - ELECTRONIC LOCATION AND ACCESS
Materials specified Publisher description
Uniform Resource Identifier <a href="http://www.loc.gov/catdir/enhancements/fy0639/91044689-d.html">http://www.loc.gov/catdir/enhancements/fy0639/91044689-d.html</a>
906 ## - LOCAL DATA ELEMENT F, LDF (RLIN)
a 7
b cbc
c orignew
d 1
e ocip
f 19
g y-gencatlg
942 ## - ADDED ENTRY ELEMENTS (KOHA)
Source of classification or shelving scheme Library of Congress Classification
Koha item type Books
Classification part 59.72.P6
Item part POV
Call number prefix HC
Holdings
Withdrawn status Lost status Source of classification or shelving scheme Damaged status Not for loan Collection code Home library Current library Shelving location Date acquired Source of acquisition Total Checkouts Full call number Barcode Date last seen Date last checked out Copy number Price effective from Koha item type Inventory number
    Library of Congress Classification     Non-fiction City Campus Library City Campus Library General Stacks 10/14/2002 University of Zimbabwe 4 HC59,72.P6 POV 1992 B015891 11/30/2022 11/23/2022 c. 1 10/14/2020 Books  
          Non-fiction City Campus Library City Campus Library General Stacks 11/02/2020   1 HC 5972.P6 POV 1992 B017561 10/03/2023 09/29/2023 c.2 11/02/2020 Books  
          Non-fiction Mashava Campus Library Mashava Campus Library General Stacks 05/10/2021     HC 5972.P6 POV 1992 B015894 05/10/2021   c.3 05/10/2021 Books 296